000 00285nam a22001337a 4500
008 170622b xxu||||| |||| 00| 0 eng d
020 _a062883390
041 _aeng
080 _a32
100 _a21
101 _ashp
245 _aCOMPARATIVE POLITICS
_cBOSIA.M.J
942 _2udc
_cBK
999 _c18648
_d18648